[Event "Kemper-Kings"]
[Site "?"]
[Date "2003.02.26"]
[Round "?"]
[White "Olsen, Art"]
[Black "Gryparis, John"]
[Result "1-0"]
[WhiteElo "1546"]
[BlackElo "1449"]
[PlyCount "83"]

1. e3 d5 2. c3 a5 3. b3 Nf6 4. Bb2 e6 5. Nf3 Be7 6. c4 dxc4 7. Bxc4 b5 8. Be2
O-O 9. Nd4 Bb7 10. Bf3 c6 11. Nc3 (11. Nxb5 cxb5 12. Bxb7) 11... Qc7 12. Rc1
Qb6 13. Ne4 Nxe4 14. Bxe4 Bf6 15. Qh5 g6 16. Qf3 Bg7 17. Rc2 (17. Nxc6 Bxb2)
17... Rc8 18. Ne2 Bxb2 19. Rxb2 Nd7 20. O-O Rab8 21. Rc1 c5 22. Bxb7 Rxb7 23.
Qe4 Rbc7 24. h3 Qd6 25. f4 Nf6 26. Qf3 e5 27. Rbc2 e4 28. Qg3 Qd3 29. Qe1 b4
30. Ng3 Qd5 31. Qe2 Rc6 32. Qc4 Rd8 33. Qxd5 Rxd5 34. Kf1 Kf8 35. Ke2 Ke7 36.
Rc4 Rcd6 37. R1c2 g5 38. Rxc5 gxf4 39. Nf5+ Rxf5 40. Rxf5 fxe3 41. Kxe3 Ke6 42.
Rf1 1-0

[Event "Reader-GETCO"]
[Site "?"]
[Date "2003.04.09"]
[Round "?"]
[White "Lang, R."]
[Black "Jasaitis, Tony"]
[Result "1/2-1/2"]
[WhiteElo "2079"]
[BlackElo "2117"]
[PlyCount "72"]

1. Nf3 f5 2. e4 fxe4 3. Ng5 d5 4. d3 Qd6 5. dxe4 h6 6. Nh3 dxe4 7. Qxd6 exd6 8.
Nf4 g5 9. Nd5 Kd8 10. c4 Bg7 11. Nd2 c6 12. Nc3 Nf6 13. Be2 Bf5 14. O-O Nbd7
15. Re1 Re8 16. Nf1 Bg6 17. Be3 Kc7 18. Red1 Re6 19. Rac1 Rae8 20. b4 Kb8 21.
b5 Ka8 22. a4 Bh5 23. Ng3 Bxe2 24. Ncxe2 c5 25. Nf5 Bf8 26. h3 Ne5 27. Rc2 Nf7
28. Rcd2 h5 29. Nc3 h4 30. a5 Rd8 31. g4 Ne5 32. Nd5 Nxd5 33. cxd5 Rg6 34. Rc2
Bg7 35. Ne7 Rf6 36. Nf5 Rg6 1/2-1/2

[Event "GETCO-Reader"]
[Site "?"]
[Date "2003.04.09"]
[Round "?"]
[White "Kratka, Milan"]
[Black "Sullivan, C."]
[Result "1-0"]
[WhiteElo "1649"]
[BlackElo "1540"]
[PlyCount "99"]

1. e4 e5 2. Nf3 Nc6 3. Bb5 Nd4 4. Nxd4 exd4 5. O-O c6 6. Be2 Bd6 7. d3 Nf6 8.
f4 Bc7 9. c3 Bb6 10. c4 d6 11. f5 Qe7 12. Bg5 Bd7 13. a4 O-O-O 14. Nd2 Bc7 15.
Nf3 c5 16. b4 h6 17. Bxf6 Qxf6 18. b5 g5 19. a5 g4 20. Ne1 h5 21. g3 h4 22.
Bxg4 hxg3 23. h3 Qh6 24. Ng2 f6 25. Qf3 Be8 26. b6 axb6 27. axb6 Bb8 (27...
Bxb6 28. Ra8+ Kc7 29. Rxd8 Kxd8 30. Qxg3 (30. Rb1 Kc7)) 28. Qxg3 Bh5 29. Nf4
Bxg4 30. hxg4 Kd7 31. Kg2 d5 32. exd5 Be5 33. Kf3 Qg5 34. Ke2 Ra8 35. Ra7 Rxa7
36. bxa7 Bxf4 37. Qxf4 Qxf4 38. Rxf4 Rh2+ 39. Rf2 Rh8 40. Kf3 Kd6 (40... Kc7
41. Ra2 Ra8 {idea of Kb6} (41... Kb6 42. a8=Q) (41... b6 42. a8=Q)) 41. Rb2 Kc7
42. Kf4 b6 43. Ra2 Kb7 44. g5 fxg5+ 45. Kxg5 b5 46. cxb5 c4 47. dxc4 Ra8 48.
Kf4 Kb6 49. Ke4 Kc5 50. Kd3 1-0

[Event "Northrop-Kemper"]
[Site "?"]
[Date "2003.04.15"]
[Round "?"]
[White "Walker, Arnie"]
[Black "Leong, Gee"]
[Result "0-1"]
[WhiteElo "1798"]
[BlackElo "1992"]
[PlyCount "108"]

1. g3 Nf6 2. Bg2 d5 3. c4 g6 4. cxd5 Nxd5 5. e4 Nb6 6. d4 Bg7 7. Ne2 O-O 8. O-O
c6 9. f4 Bg4 10. Bf3 Bh3 11. Bg2 Qd7 12. Nbc3 Bg4 13. Bf3 Rd8 14. Be3 Nc4 15.
Bxg4 Qxg4 16. Qc1 Nxe3 17. Qxe3 Na6 18. Rfd1 Nc7 19. Rac1 Rd7 20. Na4 Na6 21.
Nc5 Nxc5 22. Rxc5 Rad8 23. e5 Qe6 24. b3 b6 25. Rc2 c5 26. Rcd2 c4 27. bxc4
Qxc4 28. Qb3 Qxb3 29. axb3 e6 30. Nc3 f6 31. exf6 Bxf6 32. Ne2 Rc7 33. Kf2 Rd5
34. Kf3 a5 35. Ke4 Rb5 36. Rc1 Rxc1 37. Nxc1 Be7 38. Rd3 Kf7 39. Rc3 Rd5 40.
Nd3 Bd6 41. Rc6 b5 42. Ne5+ Bxe5 43. fxe5 Ke7 44. Rb6 b4 45. Kd3 h5 46. h4 Kf7
47. Kc4 Ke7 48. Rb7+ Kf8 49. Rb6 Ke7 50. Rd6 Rxd6 51. exd6+ Kxd6 52. Kb5 Kd5
53. Kxa5 Kxd4 54. Kxb4 e5 0-1

[Event "Kemper-Northrop"]
[Site "?"]
[Date "2003.04.15"]
[Round "?"]
[White "Easton, Richard"]
[Black "Vigants, Al"]
[Result "1-0"]
[WhiteElo "1881"]
[BlackElo "1658"]
[PlyCount "77"]

1. d4 d5 2. Nf3 e6 3. Bg5 Nf6 4. e3 Be7 5. Bd3 {Diagram # Interesting, White
dismisses QGD Pawn themes involving c4 for simple development.} 5... O-O 6.
Nbd2 Nc6 7. a3 {Diagram # The storm clouds are overhead. Black has no way to
open the center and his Queenside is jammed, especially due to placing Knight
on c6. White can build pressure to King undeterred.} 7... h6 8. Bh4 b6 9. O-O
Bb7 {Diagram #} 10. Qe2 Re8 11. Ne5 {Diagram #} 11... Nd7 ({
Black is probably OK after} 11... Nxe5 12. dxe5 Ne4 13. Bxe7 Rxe7 {Diagram #}
14. Nxe4 (14. Nf3 c5) 14... dxe4 15. Ba6) 12. Bxe7 Qxe7 13. f4 {Diagram #}
13... Na5 $2 (13... Ncxe5 14. fxe5 c5) 14. b4 Nc6 15. Rf3 Nf6 {Diagram #} 16.
Rh3 Qd8 17. g4 {It's serious, now.} 17... Kf8 (17... Nxe5 18. dxe5 ({
same difference with} 18. fxe5) 18... Ne4) 18. g5 Ng8 19. Qh5 {
Diagram # Black hasn't succeeded in defending.} 19... Qe7 20. Rf1 a5 {Diagram #
} 21. Bg6 $1 {Beautifully done!  Black will not survive.} 21... axb4 (21...
fxg6 $4 22. Nxg6+) (21... Nxe5 22. fxe5 f6 23. Bxe8) 22. Bxf7 Nxe5 {Diagram #}
23. Bxe8 (23. fxe5 {Diagram #} 23... Red8 (23... Nf6 $4 24. gxf6 Qxf7 25. fxg7+
) 24. Bxe6+ Nf6 25. gxf6 Qxe6 {Diagram #} 26. fxg7+ Ke7 (26... Kxg7 27. Rg3+
Kh8 28. Rf6) 27. Rf6 Qg8 28. Qxh6) 23... Qxe8 24. fxe5+ Ke7 25. Qxe8+ Kxe8 26.
axb4 {Diagram #} 26... Ne7 (26... hxg5 27. Rh8 Ke7 28. Rh7) 27. gxh6 gxh6 28.
Rxh6 Kd7 29. Rf7 Rg8+ 30. Kf2 Bc8 31. Rhh7 Re8 {Diagram #} 32. Nf3 Ba6 33. h4
Kd8 34. Ng5 Kd7 35. h5 Bc8 36. h6 {Diagram #} 36... Kd8 37. Rxe7 $1 Rxe7 38.
Rxe7 Kxe7 39. h7 1-0

[Event "Northrop-Kemper"]
[Site "?"]
[Date "2003.04.15"]
[Round "?"]
[White "Burian, Dave"]
[Black "Hughes, Norm"]
[Result "1-0"]
[WhiteElo "1543"]
[BlackElo "1713"]
[PlyCount "65"]

1. e4 e5 2. Nf3 Nf6 3. Nc3 Bb4 4. d3 d6 5. Bd2 O-O 6. a3 Ba5 7. Be2 a6 8. O-O
Bd7 9. b4 Bb6 10. Bg5 Nc6 11. Nd5 Nd4 12. Bxf6 gxf6 13. Qd2 c6 14. Ne3 Kh8 15.
Rae1 Rg8 16. Nxd4 Bxd4 17. Nf5 Qf8 18. Nxd4 exd4 19. Qf4 Qg7 20. Qg3 Qh6 21.
Qxd6 Bh3 22. Bf3 Rad8 23. Qc7 Rde8 24. Kh1 Bc8 25. Qd6 Rd8 26. Qc5 Rg5 27. Qe7
Rf8 28. e5 fxe5 29. Rxe5 Rgg8 30. Rh5 Qg6 31. Qh4 Qg7 32. Rg1 Bg4 33. Bxg4 1-0

[Event "Kemper-Northrop"]
[Site "?"]
[Date "2003.04.15"]
[Round "?"]
[White "Wang, Gary"]
[Black "Gothier, Sean"]
[Result "1-0"]
[WhiteElo "1624"]
[BlackElo "1353"]
[PlyCount "47"]

{Black gets out of his "book" early and improvises. White nicely finishes up
with a couple of forcing sacrifices.} 1. e4 c5 2. Nf3 d6 3. Bb5+ Bd7 4. Bxd7+
Nxd7 {Diagram #} 5. d4 Ngf6 (5... cxd4) 6. e5 dxe5 7. dxe5 Ng4 {Diagram # A
short-sighted idea. Black guarantees Pawn problems due to this Knight after
White's h3.} 8. Bf4 e6 9. O-O {Diagram #} 9... f6 {Black will not recover from
this weakening move.  Whenever making a Pawn move, please remember it ALWAYS
leaves a weakness in its wake. Here, it is the e6-Pawn which suffers.} 10. exf6
gxf6 11. h3 Nge5 {Diagram #} 12. Re1 {Not just threatening to win a Pawn on e5
or e6, but beginning to make threats to the uncastled King as well.} 12...
Nxf3+ 13. Qxf3 Qe7 {Diagram #} 14. Nc3 $1 {
White builds threats with development.} ({
He really doesn't gain much with check} 14. Qh5+ Qf7 15. Rxe6+ Be7 {Diagram #}
16. Qe2 (16. Qxf7+ Kxf7 17. Re1) 16... Ne5) 14... Nb6 (14... O-O-O $2 15. Nb5 {
Diagram # White has two killer threats: Nxa7# or Nd6+,  forcing Kb8 and
discovery withNf7+}) 15. Rad1 e5 {Diagram #} 16. Bxe5 $1 {
White is fully mobilized so exposing the King is the quickest way to a win.}
16... fxe5 17. Qh5+ Qf7 {Diagram #} 18. Qxe5+ $1 {The true point to the
sacrifice on move 16. White forces pins and thus wins material.} 18... Be7 19.
Qxh8+ Qf8 20. Qxh7 {Diagram #} 20... Rd8 21. Qg6+ Qf7 {Diagram #} 22. Rxe7+ $1
{Another strong move that forces resignation.} 22... Kxe7 23. Qxf7+ Kxf7 {
Diagram # The King has been forced away from the Rook.} 24. Rxd8 1-0

[Event "Kemper-Northrop"]
[Site "?"]
[Date "2003.04.15"]
[Round "?"]
[White "Mashkevich, I."]
[Black "Elek, G."]
[Result "1-0"]
[WhiteElo "1126"]
[BlackElo "1130"]
[PlyCount "59"]

1. e4 e5 2. Nf3 Nc6 3. Bb5 a6 4. Ba4 b5 5. Bb3 Nf6 {Diagram #} 6. Nc3 (6. O-O {
is possible}) 6... Bc5 7. O-O d6 8. h3 O-O {Diagram #} 9. Ng5 Nd4 10. Nxf7 Rxf7
11. Bxf7+ Kxf7 12. d3 {Diagram # We'd expect the two minors will cause more
trouble than the traded Rook.} 12... h6 $2 {weakening squares around the King}
13. Nd5 Nxd5 14. exd5 Bb7 {Diagram # Black thinks he's winning a Pawn, but
White has realized that the d4-Knight has only one safe square!} 15. c3 Nf5 16.
Qh5+ {Diagram #} 16... Kf6 $5 {Using the King for defence, especially in the
center of board, usually spells trouble.} (16... g6 17. Qf3 {idea of g4} 17...
Kg7 {and Black is OK} (17... Qf6)) 17. g4 $4 Ne7 $4 (17... g6 {
Diagram # traps White's Queen}) 18. g5+ $1 {
Diagram # Forcing the King further into the center, and guarenteeing the win.}
18... hxg5 19. Bxg5+ Kf5 {
Diagram # only move, and walks into a killer discovery} 20. Bxe7+ Kf4 21. Bxd8
Rxd8 $2 {Diagram # Look out! Queen on an open board can move quickly!} 22. Qh4+
Kf3 23. Qxd8 Bxd5 {Diagram # Of course, it's over. Black seems to enjoy abuse.}
24. Qf8+ Ke2 25. Rae1+ Kxd3 26. Rd1+ {Diagram #} 26... Kc2 (26... Kc4 27. b3+
Kxc3 28. Rxd5) (26... Ke4 27. Rfe1+ Be3 28. Rxe3#) 27. Rxd5 Kxb2 28. Qf3 Kxa2 {
Diagram #} 29. c4 $1 Bxf2+ 30. Rxf2+ 1-0

[Event "Aces-LBurn"]
[Site "?"]
[Date "2003.04.03"]
[Round "?"]
[White "Benesa, Arnulfo"]
[Black "Duffy, Jim"]
[Result "1-0"]
[WhiteElo "2243"]
[BlackElo "1815"]
[PlyCount "47"]

1. Nf3 Nf6 2. g3 g6 3. Bg2 Bg7 4. O-O O-O 5. c4 e6 6. Nc3 d6 7. d4 Nbd7 8. e4
e5 9. b3 b6 10. Bb2 Bb7 11. Qd2 exd4 12. Nxd4 Nc5 13. Qc2 Nfd7 14. Rad1 Ne5 15.
f4 Nc6 16. Nxc6 Bxc6 17. b4 Nd7 18. Nd5 Bxb2 19. Qxb2 Bxd5 20. cxd5 a5 21. a3
Qf6 22. Qc2 Rfc8 23. Bh3 Qd8 24. Qc6 1-0

[Event "Aces-LBurn"]
[Site "?"]
[Date "2003.04.08"]
[Round "?"]
[White "Allen, H."]
[Black "Bannon, B."]
[Result "1-0"]
[WhiteElo "1949"]
[BlackElo "1249"]
[PlyCount "106"]

1. d4 d5 2. c4 Nf6 3. cxd5 Qxd5 4. Nc3 Qd8 5. e4 e5 6. dxe5 Qxd1+ 7. Kxd1 Ng4
8. Nh3 Bc5 9. Nd5 Bb6 10. Nxb6 axb6 11. Bf4 O-O 12. f3 Nh6 13. Nf2 Be6 14. Bd3
Nc6 15. a3 Rfd8 16. Kc2 Nd4+ 17. Kc3 c5 18. Nd1 Rac8 19. Ne3 c4 20. Bf1 Kf8 21.
Nc2 Nc6 22. Be2 Ng8 23. Rhd1 Nge7 24. Bg3 Ng6 25. f4 Nge7 26. f5 Bd7 27. Bf4 g6
28. Bh6+ Ke8 29. f6 Ng8 30. Be3 Be6 31. Bxb6 Rxd1 32. Rxd1 Nxe5 33. Bd4 Nc6 34.
e5 Nh6 35. Bf3 Na5 36. Ne3 Nf5 37. Nxf5 Bxf5 38. Bb6 Nc6 39. Bxc6+ bxc6 40.
Kxc4 Rb8 41. Kc5 Be4 42. Rd2 Bd5 43. a4 Kd7 44. b4 Ke6 45. g4 Ra8 46. a5 Kxe5
47. Rf2 Be4 48. Bc7+ Ke6 49. Re2 Kd7 50. Rxe4 Kxc7 51. Re7+ Kd8 52. Rxf7 Ke8
53. Rxh7 Kf8 1-0

[Event "Rooks-Pawns b1"]
[Site "?"]
[Date "2003.05.07"]
[Round "1"]
[White "Benedek, Roy"]
[Black "Jakstas, Kaz"]
[Result "1/2-1/2"]
[WhiteElo "2164"]
[BlackElo "2130"]
[PlyCount "95"]
[EventDate "2003.05.17"]
[SourceDate "2003.05.17"]

1. e4 c5 2. Nf3 a6 3. c3 d5 4. exd5 Qxd5 5. d4 Bg4 6. Be2 e6 7. O-O Nf6 8. Be3
Nbd7 9. h3 Bh5 {Diagram #} 10. c4 Qc6 11. Nc3 Bd6 12. d5 exd5 13. cxd5 Qc7 14.
a4 O-O 15. Qd2 Rfe8 16. a5 Rad8 17. Rfd1 {Diagram #} 17... Bxf3 18. Bxf3 Ne5
19. Be2 Ng6 20. Ra4 Be5 21. Bc4 Qd7 22. Qc2 Bd6 23. Bg5 Qe7 24. g3 h6 {
Diagram #} 25. Bxf6 Qxf6 26. Bf1 Ne5 27. Ne4 Qg6 28. Bg2 Nd7 29. Rc4 Rc8 {
Diagram #} 30. Nxd6 Qxd6 31. b4 Rc7 32. Rc1 Rec8 33. Kh2 Kh8 34. Bf3 Kg8 35.
Bg4 {Diagram #} 35... Ne5 36. Bxc8 Nxc4 37. Qxc4 Rxc8 38. bxc5 Qf6 39. Kg2 Qd8
{Diagram #} 40. c6 bxc6 41. dxc6 Qxa5 42. c7 Qb5 43. Qd4 Qb7+ 44. Kh2 Kh7 45.
Qd7 {Diagram #} 45... Kg8 46. Rc5 a5 47. Qd8+ Kh7 48. Rxa5 1/2-1/2

[Event "Pawns-Rooks b2"]
[Site "?"]
[Date "2003.05.07"]
[Round "1"]
[White "Ellice, Wayne"]
[Black "Hill, R."]
[Result "1-0"]
[WhiteElo "1872"]
[BlackElo "2070"]
[Annotator "Friske,Tom"]
[PlyCount "87"]
[SourceDate "2003.05.17"]

{Can YOU SEE the shot coming before it is fired ?} 1. d4 d5 2. Nf3 Nf6 3. Bf4
Nbd7 4. e3 g6 5. Bd3 Bg7 6. h3 O-O 7. O-O c5 8. c3 c4 9. Bc2 b5 10. Nbd2 {
Diagram #} 10... Bb7 11. Re1 a5 12. a3 Re8 13. e4 dxe4 14. Nxe4 Bxe4 15. Bxe4
Nxe4 16. Rxe4 Nf6 17. Re2 Nd5 {Diagram #} 18. Qd2 Nxf4 19. Qxf4 Qd6 20. Qxd6
exd6 21. Rae1 Rxe2 22. Rxe2 Kf8 23. Kf1 Bh6 24. Ke1 Re8 25. Rxe8+ Kxe8 26. Kd1
Ke7 {Diagram #} 27. d5 Bg7 28. Nd2 f5 29. Nf3 h6 30. Ke2 Bf6 31. Ke3 Kd7 32.
Nd4 {Diagram #} 32... Bxd4+ 33. Kxd4 Ke7 34. a4 bxa4 35. Kxc4 Kf6 36. Kb5 Ke5 {
Diagram #} 37. Kc6 f4 38. c4 (38. f3 $143 g5) 38... Kd4 39. c5 Kc4 40. cxd6 Kb3
41. d7 Kxb2 42. d8=Q a3 43. Qxa5 a2 {Diagram #} 44. d6 1-0

[Event "Rooks-Pawns, b5"]
[Site "?"]
[Date "2003.05.07"]
[Round "1"]
[White "Decman, Steve"]
[Black "O'Dell, Dave"]
[Result "1-0"]
[WhiteElo "1577"]
[BlackElo "1493"]
[PlyCount "127"]
[SourceDate "2003.05.17"]

1. e4 e5 2. Nf3 d6 3. g3 Nf6 4. d3 Nc6 5. Bg2 Bg4 6. Nbd2 Be7 7. O-O Qd7 8. Re1
h5 9. h4 O-O-O 10. c3 {Diagram #} 10... Nh7 11. Nc4 f6 12. Ne3 g5 13. Qa4 Bxf3
14. Bxf3 gxh4 15. Bxh5 Kb8 16. Kg2 h3+ 17. Kh2 Ng5 18. Bg4 Qe8 {Diagram #} 19.
Nf5 d5 20. b4 Ka8 21. Bxg5 fxg5 22. Ng7 Qf7 23. Nf5 dxe4 24. dxe4 {Diagram #}
24... Rd2 25. Re2 Rhd8 26. Rae1 Qc4 27. Qb3 Qxb3 28. axb3 R8d3 29. b5 Rxe2 30.
Bxe2 Rxc3 31. bxc6 Bc5 32. Rd1 bxc6 {Diagram #} 33. Ba6 Rxb3 34. Rd8+ Rb8 35.
Rxb8+ Kxb8 36. Kxh3 Bxf2 37. Kg4 {Diagram #} 37... c5 38. Kxg5 c6 39. Kf6 Kc7
40. g4 Kd7 41. g5 Ke8 42. Kxe5 Kf7 43. Kf4 (43. Kd6 Kg6 44. Kxc6 Kxg5 $11 45.
Kb7 Kf4 46. Bd3 a5) 43... Be1 44. Kg4 Bc3 45. Kh5 {Diagram #} 45... Kg8 (45...
Bb2) 46. Ne7+ Kg7 47. Nxc6 Bb2 48. Nxa7 {Diagram #} 48... Be5 49. Nc6 Bd6 50.
Bc4 Bf8 51. e5 Kh7 52. e6 Kg7 53. e7 Bxe7 54. Nxe7 Kh7 55. Nf5 Kh8 56. Nd6 Kg7
57. Bd3 {Diagram #} 57... Kh8 58. Kg6 c4 59. Nxc4 Kg8 60. Nd6 Kh8 61. Kf6 {
Diagram #} 61... Kg8 62. g6 Kh8 63. g7+ Kg8 64. Bc4+ 1-0

[Event "Pawns-Rooks b4"]
[Site "?"]
[Date "2003.05.07"]
[Round "1"]
[White "Litvinas, Al"]
[Black "Baurac, Dave"]
[Result "1-0"]
[WhiteElo "1633"]
[BlackElo "1675"]
[Annotator "Friske,Tom"]
[PlyCount "87"]
[SourceDate "2003.05.17"]

1. e4 c6 2. d3 d5 3. Nc3 d4 4. Nce2 e5 5. c4 Bb4+ 6. Bd2 Bxd2+ 7. Qxd2 Ne7 8.
Qg5 Qa5+ 9. Qd2 Qc7 10. Ng3 O-O {Diagram #} 11. N1e2 c5 12. f4 f5 13. fxe5 Nbc6
14. Nf4 Nxe5 15. Nd5 Nxd5 16. exd5 Bd7 17. Be2 {Diagram #} 17... f4 18. Ne4 f3
19. gxf3 Nxf3+ 20. Bxf3 Rxf3 21. O-O-O Raf8 22. Qg2 Bh3 23. Qg5 R8f5 24. Qh4
Bf1 25. Ng5 Qf4+ {Diagram #} 26. Qxf4 R3xf4 27. Ne6 Rf2 28. Nxc5 ({
Player noted:} 28. d6) 28... Be2 29. Rd2 Rh5 30. h4 Rhf5 31. Ne6 R5f3 32. Nxd4
Rf1+ 33. Rxf1 Rxf1+ 34. Kc2 Bg4 35. Rg2 Rf4 {Diagram #} 36. Ne6 Bxe6 37. dxe6
Kf8 38. Re2 Ke7 39. Kc3 Rxh4 {Diagram #} 40. d4 Rh3+ 41. Kb4 Rf3 42. d5 h5 43.
Rg2 Kf6 44. Kc5 1-0

[Event "Kings-Chargers b2"]
[Site "?"]
[Date "2003.05.07"]
[Round "1"]
[White "Wallach, Cliff"]
[Black "Marcowka, Bob"]
[Result "1/2-1/2"]
[WhiteElo "2001"]
[BlackElo "1947"]
[PlyCount "98"]
[SourceDate "2003.05.17"]

1. e4 c5 2. Nf3 d6 3. d4 cxd4 4. Nxd4 Nf6 5. Nc3 a6 6. Bg5 Nbd7 7. f4 h6 8. Bh4
Qa5 9. Qf3 {Diagram #} 9... Qh5 10. Bf2 Qxf3 11. Nxf3 b5 12. a3 Bb7 13. Bd3 e5
14. fxe5 dxe5 15. O-O-O b4 16. axb4 Bxb4 {Diagram #} 17. Na2 Ba5 18. b4 Bc7 19.
Rhe1 O-O 20. c4 Rfc8 21. Nc3 Bd6 22. c5 Bf8 23. Bg3 {Diagram #} 23... Nxc5 24.
bxc5 Rxc5 25. Bxe5 Rac8 26. Kb2 Ra5 27. Ra1 Bb4 28. Rxa5 Bxa5 29. Ra1 Bxc3+ 30.
Bxc3 Nxe4 31. Bxe4 Bxe4 32. Rxa6 Bxf3 33. gxf3 {Diagram #} 33... Re8 34. Ra2
Re3 35. f4 Rf3 36. Be5 Rh3 37. Kc1 f6 38. Bd6 Rd3 39. Rd2 Rc3+ 40. Kd1 Kf7 41.
Ke2 Rh3 42. Kf1 Ke6 43. Kg2 Rb3 44. Bf8 Kf7 45. Bc5 Rb5 46. Bf2 g5 {Diagram #}
47. Rd7+ Kg6 48. fxg5 hxg5 49. Rd6 Rf5 1/2-1/2

[Event "Chargers-Kings b3"]
[Site "?"]
[Date "2003.05.07"]
[Round "1"]
[White "Dobrovolny, Chuck"]
[Black "Samelson, Chris"]
[Result "0-1"]
[WhiteElo "1841"]
[BlackElo "1929"]
[PlyCount "64"]
[SourceDate "2003.05.17"]

1. e4 e6 2. d4 d5 3. e5 c5 4. c3 Nc6 5. Nf3 Nge7 6. Bd3 Nf5 7. O-O Be7 8. Re1
cxd4 9. Bxf5 exf5 10. cxd4 O-O 11. Nc3 Be6 12. a3 Rc8 13. b4 {Diagram #} 13...
Nxb4 14. axb4 Rxc3 15. Bd2 Rc4 16. Rxa7 Qb6 17. Qa1 Rfc8 18. Rb1 h6 19. Qa5 Qc7
{Diagram #} 20. Kf1 g5 21. b5 g4 22. Qxc7 R8xc7 23. b6 Rd7 24. Ra8+ Kg7 25. Be3
gxf3 26. gxf3 Rd8 27. Ra7 Bc8 28. Ke2 Rb4 29. Raa1 Bd7 {Diagram #} 30. Rg1+ Kh7
31. Rg3 Rxb6 32. Rag1 Rg6 0-1

[Event "Kings-Chargers, b4"]
[Site "?"]
[Date "2003.05.07"]
[Round "1"]
[White "Piparia, Jankesh"]
[Black "McCarthy, Dan"]
[Result "0-1"]
[WhiteElo "1927"]
[BlackElo "1830"]
[PlyCount "120"]
[SourceDate "2003.05.17"]

1. e4 e5 2. Nf3 Nc6 3. d4 exd4 4. Bc4 Be7 5. Nxd4 Nf6 6. Nc3 O-O 7. O-O Re8 8.
Nxc6 dxc6 9. Qe2 Bc5 {Diagram #} 10. Bxf7+ Kxf7 11. Qc4+ Re6 12. Qxc5 Nxe4 13.
Nxe4 Rxe4 14. Qh5+ Kg8 15. Be3 {Diagram #} 15... Qf6 16. c3 Bg4 17. Qc5 b6 18.
Qg5 Qxg5 19. Bxg5 Re2 {Diagram #} 20. b3 Rae8 21. h3 Bh5 22. Be3 Rc2 23. c4 Rd8
24. g4 Bg6 25. Rfd1 Rxd1+ 26. Rxd1 Rxa2 27. Rd8+ Kf7 28. Rd7+ Kf8 29. Rxc7 c5
30. Bf4 Ra3 31. Bd6+ Kg8 32. Be5 a5 33. Rxg7+ Kf8 34. Rb7 Rxb3 {Diagram #} 35.
Bd6+ Kg8 36. Bxc5 Rb1+ 37. Kh2 bxc5 38. Rc7 a4 39. Rxc5 a3 40. Ra5 Rb3 41. c5
Be4 42. h4 Bd5 43. g5 Rc3 {Diagram #} 44. f4 a2 45. f5 Rc1 46. c6 a1=Q 47. Rxa1
Rxa1 48. c7 Rc1 49. Kg3 Kg7 50. Kg4 Rxc7 51. Kf4 Rc4+ 52. Ke5 Bf3 53. Ke6 Re4+
54. Kd7 Kf7 55. Kd6 Rxh4 56. Ke5 Rg4 57. f6 Kg6 58. Ke6 Bd1 59. Ke7 Bb3 60. Kf8
Rxg5 0-1

[Event "Chargers-Kings, b5"]
[Site "?"]
[Date "2003.05.07"]
[Round "1"]
[White "Thomas, Jerry"]
[Black "Cygan, Joe"]
[Result "0-1"]
[WhiteElo "1583"]
[BlackElo "1825"]
[Annotator "Friske,Tom"]
[PlyCount "108"]
[SourceDate "2003.05.17"]

1. e4 c5 2. Nf3 d6 3. d4 cxd4 4. Nxd4 Nf6 5. Nc3 a6 6. Bd3 e6 7. O-O Be7 8. Re1
O-O {Diagram #} 9. e5 dxe5 10. Rxe5 Qc7 11. Re1 b5 12. Bg5 Nbd7 13. Qf3 Bb7 14.
Be4 (14. Qh3) 14... Bxe4 15. Nxe4 Rac8 {Diagram #} 16. Nxf6+ Nxf6 17. Bf4 Bd6
18. Bxd6 Qxd6 19. c3 b4 20. Rad1 Qb6 21. cxb4 Qxb4 22. Nb3 Rc2 23. Re2 Qc4 24.
Rxc2 Qxc2 {Diagram #} 25. Rd2 Qb1+ 26. Qd1 Qxa2 27. Nc5 Qa5 28. Nd7 Nxd7 29.
Rxd7 h6 30. h3 Qb6 31. Qc2 Rb8 32. Rd2 Rd8 33. Rxd8+ Qxd8 {Diagram #} 34. Qe2
a5 35. Qb5 Kh7 36. Qb3 Qd5 37. Qc2+ f5 38. g4 Qf3 39. gxf5 exf5 40. Kh2 Qf4+
41. Kg2 Qe4+ 42. Qxe4 fxe4 {Diagram #} 43. Kg3 g5 44. f4 exf3 45. Kxf3 Kg6 46.
Ke4 Kf6 47. Kd5 h5 {Diagram #} 48. Kc5 g4 49. hxg4 hxg4 50. Kb5 g3 51. Kxa5 g2
52. b4 g1=Q 53. b5 Qa7+ 54. Kb4 Ke5 0-1

[Event "Kings-Chargers, b6"]
[Site "?"]
[Date "2003.05.07"]
[Round "1"]
[White "Goncharoff, Nic"]
[Black "Stamm, Vern"]
[Result "1/2-1/2"]
[WhiteElo "1687"]
[BlackElo "1530"]
[Annotator "Friske,Tom"]
[PlyCount "83"]
[SourceDate "2003.05.17"]

1. e4 b6 2. Nf3 Bb7 3. Nc3 Nf6 4. d3 e6 5. Be2 Be7 6. O-O O-O 7. a3 d5 8. e5
Nfd7 9. d4 Nc6 10. Be3 {Diagram #} 10... Rc8 11. Na2 Ncb8 12. c3 c5 13. h3 cxd4
14. cxd4 Nc6 15. Nc3 a6 16. Rc1 b5 17. b4 Nb6 {Diagram #} 18. Nb1 Nc4 19. Nfd2
Qb6 20. Nb3 (20. Nxc4 bxc4 (20... dxc4 $2 21. d5 $1)) 20... Qd8 21. Nc5 Bxc5
22. bxc5 {Diagram #} 22... N6a5 23. Bd2 Nxd2 24. Nxd2 Nc4 25. Nb1 Qa5 26. Qb3
Bc6 27. Qb4 Qc7 28. Qc3 Rb8 29. Nd2 Rb7 30. Nxc4 bxc4 {Diagram #} 31. Rb1 Rfb8
32. Qc2 Rb3 33. Rxb3 Rxb3 34. Qc1 Qa5 35. Bd1 Rxa3 36. Qb2 g6 37. Qb8+ Kg7 38.
Qd6 {Diagram #} 38... Bb5 $2 (38... Qb5 39. Qe7 Ra1 40. Qf6+ Kg8 41. Qd8+ Be8)
39. Qe7 c3 40. Qf6+ Kh6 41. Qh4+ Kg7 42. Qf6+ 1/2-1/2

[Event "Knights-Chargers, b7"]
[Site "?"]
[Date "2003.05.07"]
[Round "?"]
[White "Balicki, Jeff"]
[Black "Dobr, K."]
[Result "1-0"]
[WhiteElo "1759"]
[BlackElo "1412"]
[PlyCount "47"]
[SourceDate "2003.05.17"]

1. e4 c5 2. d4 cxd4 3. c3 dxc3 4. Nxc3 Nc6 5. Nf3 d6 6. Bc4 h6 7. Qb3 e6 8. O-O
Be7 9. Rd1 {Diagram #} 9... Qb6 10. Qxb6 axb6 11. Nb5 Kf8 12. Nxd6 Bxd6 13.
Rxd6 Nf6 14. e5 Ne4 15. Rd1 Ke7 16. Be3 Nc5 17. Bb5 Ra5 {Diagram #} 18. Bxc6
bxc6 19. b4 Rb5 20. bxc5 bxc5 21. a4 Ra5 {Diagram #} 22. Rdc1 Rd8 23. Bxc5+ Ke8
24. Bb6 1-0

[Event "Knights-Aces, b1"]
[Site "?"]
[Date "2003.05.15"]
[Round "1"]
[White "Morris, Rob"]
[Black "Benesa, Arnulfo"]
[Result "1-0"]
[WhiteElo "2196"]
[BlackElo "2247"]
[PlyCount "39"]
[SourceDate "2003.05.17"]

1. e4 c5 2. c3 d5 3. exd5 Qxd5 4. d4 Nf6 5. Nf3 Nc6 6. Be2 cxd4 7. cxd4 {
Diagram #} 7... e5 8. Nc3 Bb4 9. O-O Bxc3 10. bxc3 O-O 11. c4 Qa5 12. Qb3 Qc7
13. Rd1 Bg4 14. h3 Bh5 15. Bb2 b6 16. Rac1 {Diagram #} 16... Ne4 17. Qe3 Nd6
18. d5 Nf5 19. Qd2 Bxf3 20. Bxf3 {Diagram #} 1-0